Evidence and skills for normal labour and birth : (رقم التسجيلة. 26413)

تفاصيل مارك
000 -الفاتح
حقل البيانات ثابتة الطول 03117cam a22004214a 4500
001 - رقم الضبط
رقم الضبط 16790789
003 - محدد رقم الضبط
رقم الضبط OSt
005 - وقت وتاريخ اخر تعامل مع التسجيلة
رقم الضبط 20150408114103.0
008 - عناصر البيانات ثابتة الطول - معلومات عامة
حقل البيانات ثابتة الطول 110519s2012 enka b 001 0 eng
010 ## - رقم ضبط مكتبة الكونجرس
رقم ضبط مكتبة الكونجرس 2011021491
020 ## - الرقم الدولى المعيارى للكتب
الرقم الدولى المعيارى للكتاب 9780415577311 (hbk)
020 ## - الرقم الدولى المعيارى للكتب
الرقم الدولى المعيارى للكتاب 9780415577328 (pbk)
020 ## - الرقم الدولى المعيارى للكتب
الرقم الدولى المعيارى للكتاب 9780203357361 (ebk)
035 ## - رقم ضبط النظام
رقم ضبط النظام (DNLM)101561098
040 ## - مصدر الفهرسة
وكالة الفهرسة الأصلية DNLM/DLC
وكالة النسخ DLC
وكالة التعديل DLC
042 ## - رمز التحقق
رمز التحقق pcc
050 00 - رقم طلب مكتبة الكونجرس
رقم التصنيف RG651
رقم المادة .W35 2012
060 10 - رقم الطلب بالمكتبة الطبية الوطنية
رقم التصنيف WQ 152
082 00 - رقم تصنيف ديوى العشرى
رقم التصنيف 618.4
رقم الطبعة 22
رقم المادة WDE
100 1# - المدخل الرئيسى - إسم شخصى
الإسم الشخصى Walsh, Denis,
التواريخ المصاحبة للاسم 1955-
9 (RLIN) 18251
245 10 - بيان العنوان
العنوان Evidence and skills for normal labour and birth :
بقية العنوان guide for midwives /
بيان المسئوليه,etc Denis Walsh.
250 ## - بيان الطبعة
بيان الطبعة 2nd ed.
260 ## - PUBLICATION, DISTRIBUTION, ETC. (IMPRINT)
مكان الناشر او الموزع Abingdon, Oxon :
اسم الناشر او الموزع Routledge,
تاريخ النشر أو التوزيع 2012.
300 ## - الوصف المادى
التعداد xviii, 206 p. :
تفاصيل ماديه اخرى للوعاء ill. ;
أبعاد الوعاء 25 cm.
500 ## - تبصرة عامة
تبصرة عامة Rev. ed. of: Evidence-based care for normal labour and birth / Denis Walsh. 2007.
504 ## - تبصرة ببليوجرافية
تبصرة ببليوجرافية,الخ Includes bibliographical references and index.
520 ## - التبصرة الخاصة بالتعليق أو التلخيص
ملخص,الخ "Evidence-based care is a well established principle in contemporary healthcare and a worldwide health care movement. However, despite the emphasis on promoting evidence-based or effective care without the unnecessary use of technologies and drugs, intervention rates in childbirth continue to rise rapidly. This new edition emphasises the importance of translating evidence into skilful practice. It updates the evidence around what works best for normal birth, aspects of which still remain hidden and ignored by some maternity care professionals. Beginning with the decision about where to have a baby, through all the phases of labour to the immediate post-birth period, it systematically details research and other evidence sources that endorse a low intervention approach. The second edition: - has been expanded with new chapters on Preparation for Childbirth and Waterbirth - highlights where the evidence is compelling - discusses its application where women question its relevance to them and where the practitioner's expertise leads them to challenge it - gives background and context before discussing the research to date - includes questions for reflection, skills sections and practice recommendations generated from the evidence. Using evidence drawn from a variety of sources, Evidence and Skills for Normal Labour and Birth critiques institutionalised, scientifically managed birth and endorses a more humane midwifery-led model. Packed with up-to-date and relevant information, this text will help all students, practising midwives and doulas keep abreast of the evidence surrounding normal birth and ensure their practice takes full advantage of it"--Provided by publisher.
650 #0 - المدخل الاضافى بالموضوع-مصطلح موضوعى
مصطلح موضوعي أو اسم جغرافي كعنصر مدخل Labor (Obstetrics)
9 (RLIN) 18252
650 #0 - المدخل الاضافى بالموضوع-مصطلح موضوعى
مصطلح موضوعي أو اسم جغرافي كعنصر مدخل Childbirth.
9 (RLIN) 18253
650 #0 - المدخل الاضافى بالموضوع-مصطلح موضوعى
مصطلح موضوعي أو اسم جغرافي كعنصر مدخل Evidence-based medicine.
650 12 - المدخل الاضافى بالموضوع-مصطلح موضوعى
مصطلح موضوعي أو اسم جغرافي كعنصر مدخل Natural Childbirth
التقسيم الفرعي العام nursing.
9 (RLIN) 18254
650 22 - المدخل الاضافى بالموضوع-مصطلح موضوعى
مصطلح موضوعي أو اسم جغرافي كعنصر مدخل Evidence-Based Medicine.
650 22 - المدخل الاضافى بالموضوع-مصطلح موضوعى
مصطلح موضوعي أو اسم جغرافي كعنصر مدخل Midwifery.
700 1# - المدخل الاضافى - اسم شخصى
الإسم الشخصى Walsh, Denis,
التواريخ المصاحبة للاسم 1955-
عنوان العمل Evidence-based care for normal labour and birth.
9 (RLIN) 18255
906 ## - عنصر بيانات محلى F, LDF (RLIN)
a 7
b cbc
c orignew
d 1
e ecip
f 20
g y-gencatlg
942 ## - عناصر المدخل الإضافي( كوها)
مصدر التصنيف او مخطط الترفيف Dewey Decimal Classification
Koha [default] item type DVD
المقتنيات
حالة الفقد نموذج السعر الفعال حالة تلف ليس للاعارة رقم الطلب تاريخ الاكتساب الموقع الحالي الباركود الفرع الرئيسي Date last seen نوع المادة فى نظام كوها مصدر التصنيف او خطة الترفيف Total Checkouts
  2013-03-10     618.4 WDE 2012-12-23 المكتبة المركزية بالمجمعة (CL) 00400513 المكتبة المركزية بالمجمعة (CL) 2013-03-10 كتاب Dewey Decimal Classification  
  2013-03-10     618.4 WDE 2012-12-27 المكتبة المركزية بالمجمعة (CL) 00400514 المكتبة المركزية بالمجمعة (CL) 2013-03-10 كتاب Dewey Decimal Classification  
  2013-03-10     618.4 WDE 2012-12-27 المكتبة المركزية بالمجمعة (CL) 00400515 المكتبة المركزية بالمجمعة (CL) 2013-03-10 كتاب Dewey Decimal Classification